000 00824nam a2200253Ia 4500
003 OSt
005 20220923211100.0
006 a|||||r|||| 00| 0
007 ta
008 Pun
020 _a817856159X (hbk)
_c160
024 _a243,249
037 _b307, 08/10/2010, H.K. Prakashan
_cTextual
040 _aARTS
_cARTS
_bPun
041 _2Pun
_aPun
082 _aO153,1:g, P6
100 _aਦੀਵਾਨ ਸਿੰਘ
_9156324
245 0 _aਆਧੁਨਿਕ ਕਵਿਤਾ ਅਤੇ ਪੰਜਾਬੀ ਫ਼ਗ਼ਲ
260 _aਅੰਮ੍ਰਿਤਸਰ
_b ਵਾਰਿਸ Fਾਹ
_c2006
300 _a144ਪੰ
_ccm.
650 _aਪੰਜਾਬੀ ਸਾਹਿਤ
942 _hO153,1:g, P6
_cTEXL
_2CC
999 _c294956
_d294956